Media ethics issues and cases (Record no. 2778)

000 -LEADER
fixed length control field 00568nam a22001577a 4500
020 ## - INTERNATIONAL STANDARD BOOK NUMBER
International Standard Book Number 007107063X
082 ## - DEWEY DECIMAL CLASSIFICATION NUMBER
Classification number 175
100 ## - MAIN ENTRY--PERSONAL NAME
Personal name Philip Patterson
245 ## - TITLE STATEMENT
Title Media ethics issues and cases
250 ## - EDITION STATEMENT
Edition statement 6th ed.
260 ## - PUBLICATION, DISTRIBUTION, ETC.
Place of publication, distribution, etc. New Delhi
Name of publisher, distributor, etc. McGraw Hill
Date of publication, distribution, etc. 2010.
300 ## - PHYSICAL DESCRIPTION
Extent 366p
942 ## - ADDED ENTRY ELEMENTS (KOHA)
Koha item type Book
Holdings
Withdrawn status Lost status Damaged status Not for loan Collection code Permanent Location Current Location Shelving location Date acquired Total Checkouts Full call number Barcode Date last seen Date last checked out Price effective from Koha item type
          Central Library (CL) Central Library (CL) General Stacks 03/17/2016 1 175 PAT S3H-N-158 04/30/2019 10/08/2018 03/17/2016 Book
          Central Library (CL) Central Library (CL) General Stacks 03/17/2016 1 175 PAT S3H-N-162 02/08/2023 07/09/2018 03/17/2016 Book
© 2023 Central Library, National University of Sciences and Technology. All Rights Reserved.